| 000 | 01080cam a2200289 i 4500 | ||
|---|---|---|---|
| 005 | 20240828133930.0 | ||
| 008 | 170119s2015 enkad fr 001 0 eng d | ||
| 010 | _a2015939865 | ||
| 020 | _a9780198754497 | ||
| 020 | _a9780198754503 | ||
| 040 |
_aCO-BoUCM _bspa _cDavid Moreno (modificó) _dSandra Palacio |
||
| 041 | 0 | _aeng | |
| 100 | 1 |
_aAdams, Abigail _d1988- _983509 |
|
| 245 | 1 | 0 |
_aMicroeconometrics and MATLAB _ban introduction _cAbi Adams, Damian Clarke, Simon Quinn |
| 260 |
_aOxford (Inglaterra) _bOxford University Press _c2015 |
||
| 300 |
_axvii, 195 Páginas _bilustraciones, cuadros, gráficas |
||
| 504 | _aIncluye referencias bibliográficas e índices | ||
| 630 | 0 | 4 |
_aMATLAB (Programa para computador) _960175 |
| 650 | 1 | 7 |
_aEconomía _xModelos matemáticos _951036 |
| 650 | 2 | 7 |
_aEconometría _913653 |
| 650 | 2 | 7 |
_aAnálisis numérico _99013 |
| 690 |
_aEconometría _913653 |
||
| 700 | 1 |
_aClarke, Damian Charles _983510 |
|
| 700 | 1 |
_aQuinn, Simon _d1981- _983511 |
|
| 942 |
_2DEWEY _cLIBRO _a7 _e1 _h338.5 _mA211mm _n0 |
||
| 999 |
_c305655 _d305655 |
||